El movimiento Estampa Popular en la Colección UC de Arte Gráfico / (Record no. 195768)

MARC details
000 -LEADER
campo de control de longitud fija 01467nam a2200349 i 4500
001 - NÚMERO DE CONTROL
campo de control 195768
003 - IDENTIFICADOR DE NÚMERO DE CONTROL
campo de control ES-MaACL
005 - FECHA Y HORA DE LA ÚLTIMA TRANSACCIÓN
campo de control 20250818234635.0
008 - DATOS DE LONGITUD FIJA--INFORMACIÓN GENERAL
campo de control de longitud fija 240714s2007 sp ||||| |||| 00| 0 spa d
017 ## - NÚMERO DE COPYRIGHT O DE DEPÓSITO LEGAL
Número de copyright o de depósito legal SA 668-2007
020 ## - NÚMERO INTERNACIONAL ESTÁNDAR DEL LIBRO
Número Internacional Estándar del Libro 9788481024654
040 ## - FUENTE DE CATALOGACIÓN
Centro/agencia transcriptor ES-MaACL
Centro catalogador/agencia de origen ES-MaACL
080 ## - NÚMERO DE LA CLASIFICACIÓN DECIMAL UNIVERSAL
Número de la Clasificación Decimal Universal 76(460)"19"(083.824)
245 ## - MENCIÓN DEL TÍTULO
Título El movimiento Estampa Popular en la Colección UC de Arte Gráfico /
Mención de responsabilidad, etc. Federico Gutiérrez-Solana Salcedo, Clemente Barrena, Javier Gómez Martínez, Francisco Álvarez.
260 ## - PUBLICACIÓN, DISTRIBUCIÓN, ETC.
Lugar de publicación, distribución, etc. [Santander] ;
Nombre del editor, distribuidor, etc. Universidad de Cantabria,
Fecha de publicación, distribución, etc. 2007.
300 ## - DESCRIPCIÓN FÍSICA
Extensión 66 pág. :
Dimensiones 24 cm.
490 1# - MENCIÓN DE SERIE
Mención de serie Serie Memoria Gráfica ;
Designación de volumen o secuencia 2
500 ## - NOTA GENERAL
Nota general Exposición en el Paraninfo de la Universidad de Cantabria del 21 de septiembre al 10 de noviembre de 2007.
650 #7 - PUNTO DE ACCESO ADICIONAL DE MATERIA--TÉRMINO DE MATERIA
9 (RLIN) 162661
Término de materia o nombre geográfico como elemento de entrada Grabado español-
Subdivisión cronológica S.XX-
Subdivisión de forma Exposiciones
650 #7 - PUNTO DE ACCESO ADICIONAL DE MATERIA--TÉRMINO DE MATERIA
Término de materia o nombre geográfico como elemento de entrada Estampa popular
9 (RLIN) 239633
700 ## - ENTRADA AGREGADA--NOMBRE PERSONAL
Nombre de persona Gutiérrez-Solana Salcedo, Federico
Término indicativo de función/relación Autor
9 (RLIN) 239635
700 1# - ENTRADA AGREGADA--NOMBRE PERSONAL
Nombre de persona Barrena, Clemente,
Fechas asociadas al nombre 1959-2011
Término indicativo de función/relación Autor
9 (RLIN) 144203
700 ## - ENTRADA AGREGADA--NOMBRE PERSONAL
9 (RLIN) 225434
Nombre de persona Gómez Martínez, Javier
Término indicativo de función/relación Autor
700 1# - ENTRADA AGREGADA--NOMBRE PERSONAL
9 (RLIN) 171346
Nombre de persona Álvarez, Francisco,
Fechas asociadas al nombre 1936-2024
Término indicativo de función/relación Ilustrador
700 1# - ENTRADA AGREGADA--NOMBRE PERSONAL
Nombre de persona García Gutiérrez, Nuria
Término indicativo de función/relación Autor
9 (RLIN) 239636
830 #0 - PUNTO DE ACCESO ADICIONAL DE SERIE-TÍTULO UNIFORME
Título uniforme Serie Memoria Gráfica ;
Designación de volumen o secuencia 2
9 (RLIN) 239634
852 ## - LOCALIZACIÓN
Ubicación ES-MaACL
Ubicación en estantería Depósito J
Número de control de estantería N-8781
Encuadernación Encuadernación rústica
itemnumber 203892
942 ## - ELEMENTOS DE ENTRADA SECUNDARIOS (KOHA)
Suprimir en OPAC No
Tipo de ítem Koha Libro impreso
Holdings
Estatus retirado Estado de pérdida Fuente del sistema de clasificación o colocación Estado de daño No para préstamo Biblioteca de origen Biblioteca actual Ubicación en estantería Fecha de adquisición Total de préstamos Signatura topográfica completa Código de barras Visto por última vez Precio de reemplazo Tipo de ítem Koha
    Clasificación decimal universal     Biblioteca del Ateneo de Madrid Biblioteca del Ateneo de Madrid Depósito J 14/07/2024   N-8781 101229447 14/07/2024 14/07/2024 Libro impreso